[Event "Grunwald Cup 23rd blind"]
[Site "Dadaj"]
[Date "2008.09.24"]
[Round "4"]
[White "Hagner, Pawel"]
[Black "Wolak, Tomasz"]
[Result "1/2-1/2"]
[WhiteElo "1906"]
[BlackElo "1971"]
[PlyCount "80"]
[EventDate "2008.09.21"]
[EventType "swiss"]
[EventRounds "9"]
[EventCountry "POL"]
[SourceTitle "CBM 126 Extra"]
[Source "ChessBase"]
[SourceDate "2008.11.05"]
[SourceVersion "1"]
[SourceVersionDate "2008.11.05"]
[SourceQuality "1"]

1. d4 c5 2. c3 e6 3. Nf3 Nc6 4. Bf4 Qb6 5. Qb3 Qxb3 6. axb3 cxd4 7. Nxd4 Nxd4 8. cxd4 Nf6 9. Nc3 Bb4 10. Bd2 a6 11. e3 Rb8 12. Bd3 d5 13. h3 Bd7 14. Na4 Bxd2+ 15. Kxd2 Ke7 16. Nc5 Rhc8 17. Rhc1 Ne8 18. Rc2 Nd6 19. Rac1 Rc7 20. Na4 Rxc2+ 21. Rxc2 Rc8 22. Rxc8 Nxc8 23. Nc3 Bc6 24. f3 h6 25. e4 Nb6 26. e5 Na8 27. f4 Nc7 28. g4 Bd7 29. h4 Kd8 30. f5 Kc8 31. Ne2 Bb5 32. Nf4 Bxd3 33. Kxd3 Kd7 34. Nh5 Ne8 35. Nf4 Ke7 36. Ke3 Nc7 37. Kd3 b6 38. Kc3 Kd7 39. Nh5 Ne8 40. Nf4 Nc7 1/2-1/2

[Event "Grunwald Cup 23rd blind"]
[Site "Dadaj"]
[Date "2008.09.21"]
[Round "1"]
[White "Wolak, Tomasz"]
[Black "Desanjose Candalija, Eduardo"]
[Result "0-1"]
[WhiteElo "1971"]
[BlackElo "2310"]
[PlyCount "30"]
[EventDate "2008.09.21"]
[EventType "swiss"]
[EventRounds "9"]
[EventCountry "POL"]
[SourceTitle "CBM 126 Extra"]
[Source "ChessBase"]
[SourceDate "2008.11.05"]
[SourceVersion "1"]
[SourceVersionDate "2008.11.05"]
[SourceQuality "1"]

1. Nc3 d5 2. e4 c6 3. Nf3 Bg4 4. exd5 cxd5 5. Bb5+ Nc6 6. h3 Bxf3 7. Qxf3 Nf6 8. d3 e6 9. 0-0 Be7 10. Re1 0-0 11. Bxc6 bxc6 12. Bg5 Rb8 13. Rab1 Qa5 14. Qd1 Rb7 15. Qc1 Rfb8 0-1

[Event "POL-chT Blind Gr A"]
[Site "Zakopane"]
[Date "2008.03.18"]
[Round "10.6"]
[White "Wegner, Wieslaw"]
[Black "Wolak, Tomasz"]
[Result "1-0"]
[WhiteElo "1400"]
[BlackElo "1965"]
[PlyCount "25"]
[EventDate "2008.03.09"]
[EventType "team-swiss"]
[EventRounds "10"]
[EventCountry "POL"]
[SourceTitle "EXT 2019"]
[Source "ChessBase"]
[SourceDate "2018.10.10"]
[SourceVersion "1"]
[SourceVersionDate "2018.10.10"]
[SourceQuality "1"]

1. e4 e5 2. Nf3 d6 3. Nc3 Nc6 4. Bb5 Bd7 5. d4 Nf6 6. 0-0 exd4 7. Nxd4 Be7 8. h3 0-0 9. a4 Re8 10. Re1 Nxd4 11. Qxd4 a6 12. Bxd7 Nxd7 13. Bf4 1-0

[Event "POL-chT Blind Gr A"]
[Site "Zakopane"]
[Date "2008.03.11"]
[Round "2.1"]
[White "Chojnowski, Marcin"]
[Black "Wolak, Tomasz"]
[Result "1-0"]
[WhiteElo "2165"]
[BlackElo "1965"]
[PlyCount "55"]
[EventDate "2008.03.09"]
[EventType "team-swiss"]
[EventRounds "10"]
[EventCountry "POL"]
[SourceTitle "EXT 2019"]
[Source "ChessBase"]
[SourceDate "2018.10.10"]
[SourceVersion "1"]
[SourceVersionDate "2018.10.10"]
[SourceQuality "1"]

1. e4 c6 2. d4 d5 3. Nc3 dxe4 4. Nxe4 Nf6 5. Nxf6+ exf6 6. Nf3 Bd6 7. Bd3 Na6 8. 0-0 Nb4 9. Re1+ Kf8 10. c3 Nxd3 11. Qxd3 g5 12. a4 Qc7 13. d5 c5 14. c4 Kg7 15. g3 Bg4 16. b4 Bxf3 17. Qxf3 Be5 18. Rb1 cxb4 19. Rxb4 Rhe8 20. Rd1 b6 21. a5 Bd6 22. Rb1 Qxc4 23. Bb2 Be5 24. Bxe5 Rxe5 25. axb6 axb6 26. Rxb6 Rae8 27. Qxf6+ Kg8 28. Rb8 1-0

[Event "POL-chT Blind Gr A"]
[Site "Zakopane"]
[Date "2008.03.11"]
[Round "3.11"]
[White "Wolak, Tomasz"]
[Black "Lipski, Tadeusz"]
[Result "1/2-1/2"]
[WhiteElo "1965"]
[BlackElo "2146"]
[PlyCount "29"]
[EventDate "2008.03.09"]
[EventType "team-swiss"]
[EventRounds "10"]
[EventCountry "POL"]
[SourceTitle "EXT 2019"]
[Source "ChessBase"]
[SourceDate "2018.10.10"]
[SourceVersion "1"]
[SourceVersionDate "2018.10.10"]
[SourceQuality "1"]

1. Nc3 e5 2. Nf3 Nc6 3. d4 exd4 4. Nxd4 Nf6 5. Bf4 Bb4 6. Nxc6 Bxc3+ 7. bxc3 bxc6 8. Qd4 0-0 9. Bg5 Re8 10. Bxf6 gxf6 11. e3 Qe7 12. Bd3 Qe5 13. 0-0 d6 14. Qh4 Bf5 15. c4 1/2-1/2

[Event "Grunwald Cup 22nd blind"]
[Site "Dadaj"]
[Date "2007.09.29"]
[Round "9"]
[White "Wolak, Tomasz"]
[Black "Wojcieszyn, Zdzislaw"]
[Result "0-1"]
[WhiteElo "2012"]
[BlackElo "2109"]
[PlyCount "54"]
[EventDate "2007.09.24"]
[EventType "swiss"]
[EventRounds "9"]
[EventCountry "POL"]
[SourceTitle "EXT 2009"]
[Source "ChessBase"]
[SourceDate "2008.11.26"]
[SourceVersion "1"]
[SourceVersionDate "2008.11.26"]
[SourceQuality "1"]

1. Nc3 d5 2. Nf3 c5 3. e3 Bg4 4. Be2 e6 5. 0-0 Nf6 6. d4 c4 7. b3 cxb3 8. cxb3 Bxf3 9. Bxf3 Nc6 10. Bb2 a6 11. Rc1 Bd6 12. g3 0-0 13. Re1 Rc8 14. e4 dxe4 15. Nxe4 Bb4 16. Re2 Nd5 17. a3 Be7 18. Nc5 Qc7 19. Bxd5 exd5 20. Rec2 Rfd8 21. Nxa6 bxa6 22. Rxc6 Qxc6 23. Rxc6 Rxc6 24. Kg2 Rdc8 25. Qe2 Bd6 26. a4 a5 27. Qb5 Rc2 0-1

[Event "POL-chT blind B"]
[Site "Jarnoltowek"]
[Date "2007.03.17"]
[Round "1.1"]
[White "Wolak, Tomasz"]
[Black "Rutkiewicz, Janusz"]
[Result "1/2-1/2"]
[WhiteElo "2058"]
[BlackElo "1709"]
[PlyCount "81"]
[EventDate "2007.03.17"]
[EventType "team"]
[EventRounds "10"]
[EventCountry "POL"]
[SourceTitle "EXT 2019"]
[Source "ChessBase"]
[SourceDate "2018.10.10"]
[SourceVersion "1"]
[SourceVersionDate "2018.10.10"]
[SourceQuality "1"]

1. e4 c5 2. Nf3 d6 3. b3 Nc6 4. Bb2 Nf6 5. Nc3 e6 6. d4 cxd4 7. Nxd4 Bd7 8. Ndb5 Bc8 9. Qd2 a6 10. Nd4 Be7 11. Be2 Qc7 12. Rd1 0-0 13. 0-0 Bd7 14. Nf3 Rfd8 15. Rfe1 Be8 16. Bd3 Nb4 17. Ne2 Nxd3 18. cxd3 Bc6 19. Ned4 e5 20. Nf5 Ne8 21. Rc1 Qd7 22. Ba3 Bf8 23. Rc2 g6 24. Ng3 f6 25. d4 Qf7 26. d5 Bd7 27. Rec1 Rdc8 28. Qb4 Rxc2 29. Rxc2 Rc8 30. Rxc8 Bxc8 31. Nd2 Qc7 32. Qc4 b5 33. Qxc7 Nxc7 34. Bb4 Kf7 35. Kf1 Ke8 36. Ke2 Kd7 37. Kd3 Ne8 38. Ne2 Be7 39. Ba5 Nc7 40. Nc3 Ne8 41. a4 1/2-1/2

[Event "POL-ch blind 35th"]
[Site "Krynica"]
[Date "2006.06.19"]
[Round "13"]
[White "Wolak, Tomasz"]
[Black "Gosek, Zenon"]
[Result "1/2-1/2"]
[WhiteElo "2152"]
[BlackElo "2077"]
[PlyCount "24"]
[EventDate "2006.06.09"]
[EventType "tourn"]
[EventRounds "13"]
[EventCountry "POL"]
[SourceTitle "EXT 2019"]
[Source "ChessBase"]
[SourceDate "2018.10.10"]
[SourceVersion "1"]
[SourceVersionDate "2018.10.10"]
[SourceQuality "1"]

1. b3 d5 2. Bb2 Nf6 3. Nf3 Bg4 4. e3 Nbd7 5. h3 Bxf3 6. Qxf3 c6 7. c4 e6 8. Nc3 Bd6 9. d4 0-0 10. cxd5 cxd5 11. Be2 Rc8 12. 0-0 a6 1/2-1/2

[Event "POL-ch blind 35th"]
[Site "Krynica"]
[Date "2006.06.14"]
[Round "8"]
[White "Suder, Ryszard"]
[Black "Wolak, Tomasz"]
[Result "1-0"]
[WhiteElo "2235"]
[BlackElo "2152"]
[PlyCount "47"]
[EventDate "2006.06.09"]
[EventType "tourn"]
[EventRounds "13"]
[EventCountry "POL"]
[SourceTitle "EXT 2019"]
[Source "ChessBase"]
[SourceDate "2018.10.10"]
[SourceVersion "1"]
[SourceVersionDate "2018.10.10"]
[SourceQuality "1"]

1. e4 e5 2. Nc3 Bc5 3. Bc4 d6 4. d3 Nc6 5. Nf3 Nf6 6. Bg5 h6 7. Bxf6 Qxf6 8. Nd5 Qd8 9. c3 0-0 10. b4 Bb6 11. a4 a6 12. Nxb6 cxb6 13. 0-0 Bg4 14. h3 Bxf3 15. Qxf3 Qf6 16. Qxf6 gxf6 17. f4 Rac8 18. Bd5 Ne7 19. Bxb7 Rxc3 20. Bxa6 Ng6 21. fxe5 fxe5 22. g3 Kg7 23. Bc4 f6 24. a5 1-0

[Event "POL-ch blind 35th"]
[Site "Krynica"]
[Date "2006.06.13"]
[Round "7"]
[White "Wolak, Tomasz"]
[Black "Chojnowski, Marcin"]
[Result "0-1"]
[WhiteElo "2152"]
[BlackElo "2203"]
[PlyCount "48"]
[EventDate "2006.06.09"]
[EventType "tourn"]
[EventRounds "13"]
[EventCountry "POL"]
[SourceTitle "EXT 2019"]
[Source "ChessBase"]
[SourceDate "2018.10.10"]
[SourceVersion "1"]
[SourceVersionDate "2018.10.10"]
[SourceQuality "1"]

1. f4 d5 2. Nf3 Nf6 3. e3 c5 4. b3 e6 5. Bb2 Be7 6. Ne5 0-0 7. Bd3 a6 8. a4 Qb6 9. g4 Nbd7 10. g5 Nxe5 11. Bxe5 Nd7 12. Bb2 c4 13. Bd4 Qc6 14. Be2 cxb3 15. cxb3 Bc5 16. Bxc5 Nxc5 17. Nc3 d4 18. Bf3 Qd6 19. Ne2 Nd3+ 20. Kf1 e5 21. Qb1 Bh3+ 22. Kg1 dxe3 23. dxe3 Rad8 24. Be4 Qc5 0-1

[Event "POL-ch blind 35th"]
[Site "Krynica"]
[Date "2006.06.11"]
[Round "5"]
[White "Wolak, Tomasz"]
[Black "Wojcieszyn, Zdzislaw"]
[Result "0-1"]
[WhiteElo "2152"]
[BlackElo "2179"]
[PlyCount "30"]
[EventDate "2006.06.09"]
[EventType "tourn"]
[EventRounds "13"]
[EventCountry "POL"]
[SourceTitle "EXT 2019"]
[Source "ChessBase"]
[SourceDate "2018.10.10"]
[SourceVersion "1"]
[SourceVersionDate "2018.10.10"]
[SourceQuality "1"]

1. f4 d5 2. e3 g6 3. c4 c6 4. Nf3 Bg7 5. Nc3 Nf6 6. Be2 0-0 7. 0-0 Nbd7 8. Rb1 a5 9. b3 Nc5 10. Ne5 d4 11. Na4 Nxa4 12. bxa4 Ne4 13. Bf3 Nc5 14. Ba3 Ne6 15. Bxc6 Bxe5 0-1

[Event "Mondariz FIDE President Cup 2nd"]
[Site "Mondariz"]
[Date "2004.09.07"]
[Round "8"]
[White "Enjuto Velasco, Roberto"]
[Black "Wolak, Tomasz"]
[Result "1/2-1/2"]
[WhiteElo "2160"]
[BlackElo "2152"]
[PlyCount "34"]
[EventDate "2004.08.30"]
[EventType "swiss"]
[EventRounds "9"]
[EventCountry "ESP"]
[SourceTitle "CBM 102 Extra"]
[Source "ChessBase"]
[SourceDate "2004.11.03"]
[SourceVersion "1"]
[SourceVersionDate "2004.11.03"]
[SourceQuality "1"]

1. e4 e5 2. f4 exf4 3. Nf3 g5 4. Bc4 g4 5. 0-0 d5 6. Bxd5 gxf3 7. Qxf3 Bh6 8. d3 c6 9. Bxf7+ Kxf7 10. Bxf4 Bxf4 11. Qxf4+ Nf6 12. e5 Rg8 13. Nd2 Rg4 14. Qh6 Kg8 15. exf6 Qd4+ 16. Kh1 Be6 17. Ne4 Rg6 1/2-1/2

[Event "POL-ch blind 33rd"]
[Site "Zakopane"]
[Date "2004.06.06"]
[Round "11"]
[White "Wolak, Tomasz"]
[Black "Ruszczycki, Jacek"]
[Result "1-0"]
[WhiteElo "2148"]
[BlackElo "2100"]
[PlyCount "123"]
[EventDate "2004.05.29"]
[EventType "tourn"]
[EventRounds "13"]
[EventCountry "POL"]
[SourceTitle "EXT 2019"]
[Source "ChessBase"]
[SourceDate "2018.10.10"]
[SourceVersion "1"]
[SourceVersionDate "2018.10.10"]
[SourceQuality "1"]

1. e4 c6 2. Nc3 d5 3. Nf3 dxe4 4. Nxe4 Nf6 5. Nxf6+ gxf6 6. d4 Bf5 7. c3 Qc7 8. Bc4 e6 9. Qe2 Nd7 10. Nh4 Bg6 11. f4 0-0-0 12. Bd2 Bd6 13. g3 Nb6 14. Bb3 c5 15. f5 exf5 16. 0-0 c4 17. Bc2 f4 18. Bxf4 Bxf4 19. Rxf4 Nd5 20. Rf2 Rde8 21. Qf3 Qd7 22. Bf5 Bxf5 23. Nxf5 Re6 24. b3 b5 25. bxc4 bxc4 26. Rb1 Rhe8 27. Rfb2 Re1+ 28. Rxe1 Rxe1+ 29. Kf2 Rc1 30. Qxd5 Qxd5 31. Ne7+ Kd7 32. Nxd5 Kd6 33. Nxf6 a5 34. Ne4+ Kd5 35. Re2 f5 36. Nf6+ Kd6 37. d5 Rxc3 38. Rd2 Rc1 39. Ke3 c3 40. Re2 Ke5 41. Nxh7 Kxd5 42. Kd3 Rf1 43. Nf6+ Kc5 44. Kxc3 Rf3+ 45. Kc2 Ra3 46. Kd1 Kd4 47. Ke1 Rc3 48. Nh5 a4 49. Nf4 a3 50. Kf2 Rc1 51. h4 Rb1 52. h5 Kc3 53. Ke3 Rg1 54. Ng2 Rb1 55. Ne1 Rb6 56. Rc2+ Kb4 57. Nd3+ Kb5 58. Rc5+ Ka4 59. Rxf5 Re6+ 60. Re5 Rf6 61. Re4+ Kb5 62. g4 1-0

[Event "POL-ch blind 33rd"]
[Site "Zakopane"]
[Date "2004.06.05"]
[Round "10"]
[White "Suder, Ryszard"]
[Black "Wolak, Tomasz"]
[Result "0-1"]
[WhiteElo "2270"]
[BlackElo "2148"]
[PlyCount "72"]
[EventDate "2004.05.29"]
[EventType "tourn"]
[EventRounds "13"]
[EventCountry "POL"]
[SourceTitle "EXT 2019"]
[Source "ChessBase"]
[SourceDate "2018.10.10"]
[SourceVersion "1"]
[SourceVersionDate "2018.10.10"]
[SourceQuality "1"]

1. Nf3 Nf6 2. g3 d5 3. Bg2 Bf5 4. 0-0 Nbd7 5. d3 e6 6. Nbd2 Bc5 7. Qe1 c6 8. e4 Bg6 9. e5 Ng8 10. Qe2 Ne7 11. Nb3 Bb6 12. c3 Rc8 13. Nbd4 h6 14. Bh3 Nf8 15. Nh4 Bh7 16. Be3 g5 17. Ng2 Bxd4 18. cxd4 Nf5 19. f4 Rg8 20. fxg5 hxg5 21. Bg4 Rc7 22. Rf2 Bg6 23. Raf1 Nh6 24. Bh5 Nf5 25. Bxg6 fxg6 26. Qg4 Nh7 27. Bd2 Rf7 28. h4 Rgg7 29. hxg5 Qb6 30. Bc3 Qd8 31. Bd2 Qb6 32. Bc3 Qd8 33. Nf4 Nxg5 34. Ne2 Ne3 35. Qh4 Nxf1 36. Rxf1 Nf3+ 0-1

[Event "POL-ch blind 33rd"]
[Site "Zakopane"]
[Date "2004.05.31"]
[Round "3"]
[White "Wolak, Tomasz"]
[Black "Chojnowski, Marcin"]
[Result "1-0"]
[WhiteElo "2170"]
[BlackElo "2041"]
[PlyCount "103"]
[EventDate "2004.05.29"]
[EventType "tourn"]
[EventRounds "13"]
[EventCountry "POL"]
[SourceTitle "EXT 2019"]
[Source "ChessBase"]
[SourceDate "2018.10.10"]
[SourceVersion "1"]
[SourceVersionDate "2018.10.10"]
[SourceQuality "1"]

1. d4 f5 2. g3 Nf6 3. Bg2 e6 4. Nd2 d5 5. Ngf3 c5 6. c3 cxd4 7. cxd4 Nc6 8. 0-0 Qb6 9. Nb3 a5 10. Rb1 Bd7 11. Na1 Bd6 12. Be3 0-0 13. Ne5 Rac8 14. Nxd7 Nxd7 15. Qb3 Qc7 16. Rbd1 Nf6 17. Nc2 Ng4 18. h3 Nf6 19. Na3 Qf7 20. Nb5 Bb8 21. f4 Nh5 22. Bf2 h6 23. Nc3 Kh8 24. e3 g5 25. Ne2 Rg8 26. Kh2 Rg7 27. Rg1 Nf6 28. a3 Rcg8 29. Bh1 Qh5 30. Qd3 Ne7 31. Rg2 Ng4+ 32. Kg1 Qxh3 33. Rf1 Ng6 34. Be1 Qh5 35. Bxa5 Nf8 36. Be1 Qf7 37. Nc3 h5 38. Rc2 Nf6 39. Rg2 Rh7 40. Ne2 Qg6 41. fxg5 Qxg5 42. Nf4 Ne4 43. Rf3 Qg4 44. Rf1 Rhg7 45. Kh2 Nh7 46. Qe2 Qxe2 47. Nxe2 h4 48. Nf4 hxg3+ 49. Kg1 Nhg5 50. Rc2 Bxf4 51. exf4 Nh7 52. Bg2 1-0

[Event "POL-ch blind 32nd"]
[Site "Polanica Zdroj"]
[Date "2003.05.15"]
[Round "13"]
[White "Wolak, Tomasz"]
[Black "Gunajew, Rafal"]
[Result "0-1"]
[WhiteElo "2117"]
[BlackElo "2204"]
[PlyCount "32"]
[EventDate "2003.05.05"]
[EventType "tourn"]
[EventRounds "13"]
[EventCountry "POL"]
[SourceTitle "EXT 2019"]
[Source "ChessBase"]
[SourceDate "2018.10.10"]
[SourceVersion "1"]
[SourceVersionDate "2018.10.10"]
[SourceQuality "1"]

1. f4 e5 2. fxe5 d6 3. exd6 Bxd6 4. Nf3 g5 5. g3 h5 6. d3 f6 7. Nc3 h4 8. gxh4 g4 9. Ng1 Rxh4 10. Bg2 Rxh2 11. Rxh2 Bxh2 12. Kf1 Nc6 13. Be3 Be6 14. Bxc6+ bxc6 15. Qe1 g3 16. Ne4 Qd7 0-1

[Event "POL-ch blind 32nd"]
[Site "Polanica Zdroj"]
[Date "2003.05.08"]
[Round "5"]
[White "Dukaczewski, Piotr"]
[Black "Wolak, Tomasz"]
[Result "1-0"]
[WhiteElo "2348"]
[BlackElo "2117"]
[PlyCount "35"]
[EventDate "2003.05.05"]
[EventType "tourn"]
[EventRounds "13"]
[EventCountry "POL"]
[SourceTitle "EXT 2019"]
[Source "ChessBase"]
[SourceDate "2018.10.10"]
[SourceVersion "1"]
[SourceVersionDate "2018.10.10"]
[SourceQuality "1"]

1. Nf3 Nc6 2. g3 d5 3. Bg2 Bg4 4. d3 Nf6 5. Nbd2 e6 6. 0-0 Bd6 7. c3 0-0 8. h3 Bxf3 9. Nxf3 Ne7 10. Re1 c6 11. e4 dxe4 12. dxe4 Bc5 13. Qe2 a5 14. e5 Nfd5 15. Ng5 Nf5 16. Ne4 Ba7 17. g4 Nh4 18. Bg5 1-0

[Event "IBCA Wch blind 10th"]
[Site "Istanbul"]
[Date "2002.11.21"]
[Round "2"]
[White "Kasymov, Kamil"]
[Black "Wolak, Tomasz"]
[Result "0-1"]
[WhiteElo "1800"]
[BlackElo "2120"]
[PlyCount "86"]
[EventDate "2002.11.20"]
[EventType "swiss"]
[EventRounds "9"]
[EventCountry "TUR"]
[SourceTitle "EXT 2004"]
[Source "ChessBase"]
[SourceDate "2003.11.25"]
[SourceVersion "1"]
[SourceVersionDate "2003.11.25"]
[SourceQuality "1"]

1. e4 e5 2. Nf3 Nc6 3. Bb5 a6 4. Ba4 d6 5. c3 f5 6. exf5 Bxf5 7. d4 e4 8. d5 exf3 9. dxc6 b5 10. Bb3 Qe7+ 11. Be3 fxg2 12. Rg1 Nf6 13. Nd2 Ng4 14. Qf3 g6 15. Rxg2 Ne5 16. Qg3 Bh6 17. Kf1 Bxe3 18. Qxe3 Nd3 19. Qd4 Qe5 20. Qxe5+ dxe5 21. Rg3 Rf8 22. Re3 0-0-0 23. Ne4 Bxe4 24. Rxe4 Rxf2+ 25. Kg1 Rf4 26. Re2 Kb8 27. a4 Rg4+ 28. Rg2 Rxg2+ 29. Kxg2 Nc5 30. Bd1 Rd2+ 31. Kg1 Rxb2 32. axb5 axb5 33. Bg4 Rb3 34. Bc8 Na4 35. Bb7 Rxc3 36. Rd1 Nc5 37. Rd8+ Ka7 38. Rc8 Kb6 39. Ba8 Na6 40. Bb7 Nb4 41. Re8 Nxc6 42. Bxc6 Kxc6 43. Rxe5 b4 0-1

[Event "POL-ch blind 31st"]
[Site "Polanica Zdroj"]
[Date "2002.05.18"]
[Round "12"]
[White "Wolak, Tomasz"]
[Black "Kulpinski, Piotr"]
[Result "1-0"]
[WhiteElo "2110"]
[BlackElo "2076"]
[PlyCount "57"]
[EventDate "2002.05.07"]
[EventType "tourn"]
[EventRounds "13"]
[EventCountry "POL"]
[SourceTitle "EXT 2019"]
[Source "ChessBase"]
[SourceDate "2018.10.10"]
[SourceVersion "1"]
[SourceVersionDate "2018.10.10"]
[SourceQuality "1"]

1. e4 c5 2. Nf3 d6 3. d4 cxd4 4. Nxd4 Nf6 5. Nc3 a6 6. Be2 e6 7. 0-0 Be7 8. Be3 0-0 9. a4 Qc7 10. Qd2 Nc6 11. Rfb1 Nxd4 12. Qxd4 e5 13. Qd3 Be6 14. a5 Nd7 15. Nd5 Bxd5 16. exd5 f5 17. f3 Rac8 18. c4 e4 19. fxe4 Ne5 20. Qc2 fxe4 21. Qxe4 Bf6 22. Ra2 Rce8 23. Bb6 Qd7 24. Qc2 Bg5 25. b4 Ng4 26. Bf3 Be3+ 27. Bxe3 Rxe3 28. Qd2 Rf6 29. Bxg4 1-0

[Event "POL-ch blind 31st"]
[Site "Polanica Zdroj"]
[Date "2002.05.17"]
[Round "11"]
[White "Tatarczak, Jan"]
[Black "Wolak, Tomasz"]
[Result "0-1"]
[WhiteElo "2065"]
[BlackElo "2110"]
[PlyCount "137"]
[EventDate "2002.05.07"]
[EventType "tourn"]
[EventRounds "13"]
[EventCountry "POL"]
[SourceTitle "EXT 2019"]
[Source "ChessBase"]
[SourceDate "2018.10.10"]
[SourceVersion "1"]
[SourceVersionDate "2018.10.10"]
[SourceQuality "1"]

1. d4 c5 2. e3 e6 3. Nf3 b6 4. c3 Bb7 5. Bd3 f5 6. 0-0 Nf6 7. Nbd2 Be7 8. dxc5 bxc5 9. Qe2 0-0 10. a3 a5 11. e4 g6 12. e5 Nd5 13. Nc4 g5 14. Nd6 Bxd6 15. exd6 g4 16. Ne5 Nc6 17. c4 Nd4 18. Qd1 Nf6 19. Be3 Qb6 20. Bxd4 cxd4 21. Qd2 Qxd6 22. Rfe1 Qe7 23. c5 Qxc5 24. Rac1 Qd6 25. Qg5+ Kh8 26. Qh6 Be4 27. Qf4 Qe7 28. Bxe4 Nxe4 29. Rc7 Rad8 30. Rd1 Qg7 31. Rxd4 Ng5 32. Kf1 Nf7 33. Nxf7+ Rxf7 34. Qd6 e5 35. Rd5 e4 36. Qb6 Re8 37. Qc5 Qxb2 38. Rc8 Rxc8 39. Qxc8+ Kg7 40. Qc5 Qb1+ 41. Ke2 Qb2+ 42. Ke1 Qf6 43. Rd6 Qb2 44. Rd2 Qb8 45. Qxa5 Qxh2 46. Qc3+ Kg6 47. Qh8 Qc7 48. Qg8+ Rg7 49. Qe8+ Kh6 50. Qf8 Qe5 51. Rxd7 Qa5+ 52. Rd2 Kg6 53. Qd6+ Kg5 54. g3 Qc7 55. Qd4 Re7 56. Qe3+ Kg6 57. Rb2 Re6 58. Qb3 Qc6 59. Rc2 Qa6 60. Rc5 e3 61. Qc2 exf2+ 62. Kxf2 Rf6 63. Rc4 h5 64. Qc3 Qd6 65. Rd4 Qb6 66. Qb4 Qe6 67. Qc4 Qe8 68. Qd3 Qe6 69. Qc4 0-1

[Event "POL-ch blind 31st"]
[Site "Polanica Zdroj"]
[Date "2002.05.15"]
[Round "9"]
[White "Kardasz, Wladyslaw"]
[Black "Wolak, Tomasz"]
[Result "0-1"]
[WhiteElo "2076"]
[BlackElo "2110"]
[PlyCount "122"]
[EventDate "2002.05.07"]
[EventType "tourn"]
[EventRounds "13"]
[EventCountry "POL"]
[SourceTitle "EXT 2019"]
[Source "ChessBase"]
[SourceDate "2018.10.10"]
[SourceVersion "1"]
[SourceVersionDate "2018.10.10"]
[SourceQuality "1"]

1. e4 c5 2. d4 cxd4 3. c3 dxc3 4. Nxc3 d6 5. Bc4 Nc6 6. Nf3 a6 7. Be3 Nf6 8. Qb3 e6 9. Bb6 Qe7 10. 0-0 Nd7 11. Rac1 Nxb6 12. Qxb6 Qd8 13. Na4 Be7 14. Rfd1 0-0 15. Qxd8 Rxd8 16. Nb6 Rb8 17. a3 Na7 18. Bb3 Nc6 19. Ba4 Bf6 20. Rc2 Bd7 21. Rxd6 Be8 22. Rdd2 Bd4 23. Bxc6 Bxb6 24. Bxe8 Rxe8 25. Rd7 Red8 26. Rxd8+ Rxd8 27. Kf1 f6 28. Ke2 Kf7 29. Rc4 g5 30. Rb4 Rd6 31. Nd2 Rc6 32. Nc4 Bc7 33. b3 b5 34. Ne3 Rd6 35. Nc2 e5 36. a4 Ba5 37. axb5 Bxb4 38. Nxb4 axb5 39. Nd5 Ra6 40. Nc3 Ra3 41. Nxb5 Rxb3 42. Nd6+ Ke6 43. Nf5 Kf7 44. h3 h5 45. Ne3 Ke6 46. Nf5 Rb7 47. Ne3 Kd6 48. Nf5+ Kc5 49. Ke3 Rd7 50. Ke2 Kc4 51. Ne3+ Kd4 52. f3 Ra7 53. Nf5+ Kc3 54. h4 Ra2+ 55. Kf1 Kd3 56. Kg1 g4 57. Ng3 gxf3 58. gxf3 Ke3 59. Nxh5 Kxf3 60. Nxf6 Kg3 61. Kf1 Ra1+ 0-1